Primeros auxilios, en accidentes y emergencias

שמור ב:
מידע ביבליוגרפי
מחבר ראשי: Grau Vilarrubias, Juan J (autor)
פורמט: ספר
שפה:ספרדית
יצא לאור: Santiago, Chile Ercilla 1968
מהדורה:Cuarta edición
נושאים:
תגים: הוספת תג
אין תגיות, היה/י הראשונ/ה לתייג את הרשומה!

MARC

LEADER 00000nam a2200000 a 4500
001 UCM5322
003 CL-VaPUC
005 20240906111733.0
008 021003e19680000CL |||||||||||||||||spa|d
999 |c 301455  |d 301453 
040 |c Pontificia Universidad Católica de Valparaíso 
082 0 4 |a 616.0252 GRA 1968  |2 21 
100 |a Grau Vilarrubias, Juan J  |e autor  |9 601090 
245 1 0 |a Primeros auxilios, en accidentes y emergencias 
250 |a Cuarta edición 
260 0 3 |a Santiago, Chile  |b Ercilla  |c 1968 
300 |a 274 páginas 
583 |a last modification  |c 20021003 00:00:00  |k Rodrigo Vera 
650 0 |a Primeros auxilios  |9 308210 
650 0 |a Atención médica  |9 337119 
650 0 |a Medidas de seguridad  |9 264085 
650 0 |a Accidentes  |9 351162 
942 |c BK  |2 ddc 
945 |d 20021003 00:00:00  |a cmena